000 00917cam a2200289 4500
001 7791
003 BD-RjUL
005 20211208234457.0
008 150114s1973 ii 001 0 eng
035 _a(BD-RjUL)
040 _aDLC
_cDLC
_dDLC
_beng
041 _aeng
082 0 0 _a343.54025
_a345.40325
_219
_bGHG 1973
100 1 _aGhosh, Abinaschandra.
_924302
245 1 0 _aA. Ghosh's Laws of compulsory acquisition and compensation in India & the Land acquisition act, I of 1894.
250 _a6th ed.
260 _aCalcutta,
_bEastern Law House,
_c1973.
300 _a80, 1262 p.
_c25 cm.
350 _aRs60.00 ($8.00 U.S.)
650 0 _aEminent domain
_zIndia.
_924303
650 0 _aCompensation (Law)
_zIndia.
_924304
700 1 _aGhosh, Sunil Kumar,
_eed.
_924305
710 1 2 _aIndia.
_tLand Acquisition Act, 1894. 1973.
_924306
942 _2ddc
_cBK
999 _c7791
_d7791